| 000 | 00753nam a22002297a 4500 | ||
|---|---|---|---|
| 999 |
_c65701 _d65701 |
||
| 005 | 20240530110839.0 | ||
| 008 | 191215b2007 ua f b 000 0 ara d | ||
| 017 |
_a2007/13614 _bمصر. دار الكتب |
||
| 020 | _a9774373723 | ||
| 040 |
_aEG-CaGPL _cEG-CaGPL |
||
| 082 | 0 | 4 |
_221 _a762.0932 _bق/ ا م |
| 100 | 0 | _aامين بكر | |
| 245 | 1 | 2 |
_aالمسرح عند الفراعنة / _cامين بكر |
| 250 | _aط.1 | ||
| 260 |
_aالقاهرة : _bالمجلس الاعلى للثقافة، _c2007 |
||
| 300 |
_a188 ص . ؛ _c24 سم . |
||
| 504 | _aيشمل على ارجاعات بليوجرافية | ||
| 650 | 0 | 7 |
_2qrmak _aالمسرح _zمصر |
| 651 | _2qrmak | ||
| 942 |
_2ddc _cBK |
||